[Event "11th Vellmar Open 2019"]
[Site "Vellmar GER"]
[Date "2019.07.07"]
[Round "6.29"]
[White "Ehrlich,K"]
[Black "Powalla,Christian"]
[Result "1/2-1/2"]
[WhiteElo "2006"]
[BlackElo "1816"]
[WhiteFideId "24666530"]
[BlackFideId "24658413"]
[EventDate "2019.07.04"]

1. e4 e5 2. Nf3 Nc6 3. Bb5 g6 4. O-O d6 5. c3 a6 6. Ba4 Bg7 7. h3 Nf6 8. Re1 O-O
9. d4 Bd7 10. dxe5 dxe5 11. Nbd2 Re8 12. Nf1 b5 13. Bc2 Be6 14. Be3 Qxd1 15.
Raxd1 Bxa2 16. b3 Na5 17. N1d2 Bxb3 18. Nxb3 Nxb3 19. Bxb3 Nxe4 20. Rd7 Nd6 21.
Bc5 Rad8 22. Rxc7 Nc4 23. Bxc4 bxc4 24. Be3 Rd3 25. Rxc4 f5 26. Kf1 Rb8 27. Rb4
Rc8 28. c4 e4 29. Rc1 exf3 30. c5 fxg2+ 31. Kxg2 Rc3 32. Rxc3 Bxc3 33. Rc4 Be5
34. f4 Bf6 35. c6 Kf7 36. Bb6 Ke7 37. Kf3 Kd6 38. c7 Kd5 39. Rc5+ Kd6 40. Rc2
Bh4 41. Ba5 h6 42. Rb2 Kd7 43. Rb7 Be7 44. Ra7 g5 45. Rxa6 Bd6 46. Bd2 Rxc7 1/2-1/2

[Event "11th Vellmar Open 2019"]
[Site "Vellmar GER"]
[Date "2019.07.07"]
[Round "6.30"]
[White "Schulze,Nick"]
[Black "Schnegelsberg,K"]
[Result "0-1"]
[WhiteElo "1775"]
[BlackElo "2043"]
[WhiteFideId "16212312"]
[BlackFideId "4653335"]
[EventDate "2019.07.04"]

1. e4 e6 2. d4 d5 3. Nc3 Bb4 4. e5 c5 5. a3 Bxc3+ 6. bxc3 Nc6 7. Qg4 g6 8. Nf3
Qa5 9. Bd2 Qa4 10. Ra2 Bd7 11. Bd3 O-O-O 12. O-O f6 13. Rb1 Nxe5 14. Nxe5 fxe5
15. Bb5 Nf6 16. Qe2 Bxb5 17. Rxb5 Ne4 18. Rab2 Rd7 19. f3 a6 20. Rb6 Nxd2 21.
dxc5 Nc4 22. c6 Nxb6 23. Rxb6 Rc7 24. Qxe5 Re8 0-1

[Event "11th Vellmar Open 2019"]
[Site "Vellmar GER"]
[Date "2019.07.07"]
[Round "6.31"]
[White "Spiess,Th"]
[Black "Wurst,Maximilian"]
[Result "1/2-1/2"]
[WhiteElo "1986"]
[BlackElo "1704"]
[WhiteFideId "4646959"]
[BlackFideId "16263740"]
[EventDate "2019.07.04"]

1. Nf3 Nf6 2. c4 e6 3. g3 d5 4. Bg2 Be7 5. O-O O-O 6. d4 dxc4 7. Qc2 a6 8. a4
Bd7 9. Ne5 Bc6 10. Nxc6 Nxc6 11. Bxc6 bxc6 12. Qxc4 Qd5 13. Nd2 Rfd8 14. e3 c5
15. dxc5 Bxc5 16. Qxd5 Nxd5 17. Nc4 Rab8 18. e4 Ne7 19. Bf4 Rb4 20. Rfc1 c6 21.
Bc7 Re8 22. Ba5 Rbb8 23. Kf1 f5 24. Rc2 g5 25. Rd1 Rb7 26. Ne5 Bb4 27. Bd8 c5
28. f3 h6 29. Ke2 Kg7 30. Nc4 Nc6 31. Nd6 Rxd8 32. Nxb7 Nd4+ 33. Rxd4 Rxd4 34.
Ke3 Kf6 35. b3 Rd1 36. Nxc5 Rb1 37. exf5 exf5 38. Nd3 Rxb3 39. Kd4 a5 40. Rc6+
Kg7 41. Nxb4 Rxb4+ 42. Rc4 Rb2 43. Ke5 f4 44. gxf4 gxf4 45. Rc5 Rxh2 46. Rc7+
Kg6 47. Rc6+ Kg7 48. Rc7+ Kg6 49. Rc6+ Kg7 50. Rc7+ 1/2-1/2

[Event "11th Vellmar Open 2019"]
[Site "Vellmar GER"]
[Date "2019.07.07"]
[Round "6.32"]
[White "Huneck,Frank"]
[Black "Nielsen,Michael Volstrup"]
[Result "1-0"]
[WhiteElo "1788"]
[BlackElo "1912"]
[WhiteFideId "24663824"]
[BlackFideId "1454749"]
[EventDate "2019.07.04"]

1. d4 d5 2. Bf4 Bf5 3. e3 c5 4. Bd3 Bxd3 5. Qxd3 c4 6. Qe2 e6 7. Nf3 Qb6 8. c3
Nf6 9. Qc2 Ne4 10. Nbd2 f5 11. O-O Nd7 12. Ne5 Ndf6 13. Qa4+ Ke7 14. Nxe4 fxe4
15. Bg5 Qc7 16. f3 a6 17. fxe4 b5 18. Qc2 Ke8 19. Bxf6 gxf6 20. Rxf6 Qe7 21.
Raf1 Bg7 22. Rf7 Qg5 23. Qf2 Bxe5 24. dxe5 1-0

[Event "11th Vellmar Open 2019"]
[Site "Vellmar GER"]
[Date "2019.07.07"]
[Round "6.33"]
[White "Rehbein,U"]
[Black "Ruhl,Moritz"]
[Result "0-1"]
[WhiteElo "1774"]
[BlackElo "1890"]
[WhiteFideId "4681037"]
[BlackFideId "12960179"]
[EventDate "2019.07.04"]

1. d4 Nf6 2. Bf4 g6 3. e3 Bg7 4. Nd2 d6 5. Bd3 Nbd7 6. Ngf3 O-O 7. e4 Nh5 8. Bg5
h6 9. Be3 e5 10. c3 Nf4 11. Bxf4 exf4 12. Qc2 c5 13. h4 Nb6 14. O-O-O cxd4 15.
Nxd4 Bxd4 16. cxd4 Bg4 17. Kb1 Rc8 18. Qb3 Bxd1 19. Qxd1 Qf6 20. Nf3 Qe6 21. Qe2
Rfe8 22. h5 g5 23. Qd2 Nd7 24. g3 fxg3 25. Rg1 gxf2 26. Qxf2 f5 27. exf5 Qe3 28.
Qf1 Rc1+ 29. Qxc1 Qxd3+ 30. Ka1 Qxf3 31. Rxg5+ hxg5 32. Qxg5+ Kf8 33. Qh6+ Ke7 0-1

[Event "11th Vellmar Open 2019"]
[Site "Vellmar GER"]
[Date "2019.07.07"]
[Round "6.34"]
[White "Wuestehube,H"]
[Black "Kanbach,Moritz"]
[Result "1/2-1/2"]
[WhiteElo "1887"]
[BlackElo "1647"]
[WhiteFideId "24614084"]
[BlackFideId "12981214"]
[EventDate "2019.07.04"]

1. e4 e5 2. Nf3 Nc6 3. Bb5 Bc5 4. c3 Nf6 5. d4 exd4 6. e5 Ne4 7. cxd4 Bb4+ 8.
Bd2 Nxd2 9. Nbxd2 O-O 10. O-O d5 11. a3 Bxd2 12. Qxd2 Bd7 13. Be2 h6 14. b4 a6
15. Qc3 Qe7 16. Nd2 Rfc8 17. Nb3 b6 18. f4 a5 19. b5 Na7 20. a4 c6 21. bxc6 Nxc6
22. Qg3 Nb4 1/2-1/2

[Event "11th Vellmar Open 2019"]
[Site "Vellmar GER"]
[Date "2019.07.07"]
[Round "6.35"]
[White "Tietze,M"]
[Black "Fromm,Nick"]
[Result "0-1"]
[WhiteElo "1867"]
[BlackElo "1694"]
[WhiteFideId "4676335"]
[BlackFideId "12958026"]
[EventDate "2019.07.04"]

1. d4 d5 2. Nf3 Nf6 3. e3 e6 4. Bd3 c5 5. c3 Nc6 6. O-O Bd6 7. Nbd2 O-O 8. dxc5
Bxc5 9. e4 a6 10. e5 Nd7 11. Nb3 Be7 12. Re1 f6 13. exf6 Nxf6 14. Ne5 Bd6 15. f4
Qc7 16. Qe2 a5 17. Kh1 Re8 18. Bd2 Bd7 19. Nd4 Qb6 20. Ndxc6 bxc6 21. Be3 Qc7
22. Bf2 Rf8 23. Bh4 Rae8 24. Rad1 c5 25. Bxf6 Rxf6 26. Nxd7 Qxd7 27. Bb5 Qe7 28.
Bxe8 Qxe8 29. Rxd5 Qc6 30. Rdd1 Bxf4 31. Qe4 Qc7 32. h3 Qb6 33. b3 Bc7 34. Rf1
Rg6 35. Qa8+ Bb8 36. Rd7 h6 37. Rb7 0-1

[Event "11th Vellmar Open 2019"]
[Site "Vellmar GER"]
[Date "2019.07.07"]
[Round "6.36"]
[White "Michels,Fabio"]
[Black "Poschadel,Andreas Gregor"]
[Result "1/2-1/2"]
[WhiteElo "1720"]
[BlackElo "1809"]
[WhiteFideId "16223780"]
[BlackFideId "16204948"]
[EventDate "2019.07.04"]

1. c4 e6 2. g3 d5 3. Bg2 c6 4. Nf3 Nf6 5. O-O Be7 6. b3 O-O 7. Bb2 Nbd7 8. d3
Bd6 9. Nbd2 e5 10. cxd5 cxd5 11. e4 d4 12. Nc4 Bc7 13. Rc1 b5 14. Na3 a6 15. Qc2
Bb6 16. Nh4 Bb7 17. Nf5 Rc8 18. Qd2 Bc5 19. b4 Bb6 20. Rxc8 Bxc8 21. Rc1 Bc7 22.
Qc2 Ne8 23. Nb1 g6 24. Nh4 Bb7 25. Nd2 Bd6 26. a3 Ng7 27. Nb3 Qe7 28. Na5 Rc8
29. Qd2 Rxc1+ 30. Qxc1 Nb6 31. Bh3 Ne6 32. Qc2 Kf8 33. Nf3 Ba8 34. Bxe6 Qxe6 35.
Bc1 f6 1/2-1/2

[Event "11th Vellmar Open 2019"]
[Site "Vellmar GER"]
[Date "2019.07.07"]
[Round "6.37"]
[White "Silini,Jalel"]
[Black "Meyer,Marcel"]
[Result "1-0"]
[WhiteElo "1650"]
[BlackElo "1796"]
[WhiteFideId "16215397"]
[BlackFideId "12997234"]
[EventDate "2019.07.04"]

1. e4 c6 2. d4 d5 3. Nc3 dxe4 4. Nxe4 Bf5 5. Ng3 Bg6 6. Nf3 e6 7. Bf4 Qa5+ 8. c3
Nd7 9. Bd3 Bxd3 10. Qxd3 Ngf6 11. Ne4 Nxe4 12. Qxe4 Be7 13. O-O O-O 14. Ne5 Rfd8
15. Rfe1 Nf6 16. Qe2 Rac8 17. Nxf7 Rf8 18. Ng5 Qf5 19. Qxe6+ Qxe6 20. Nxe6 Rfe8
21. Nc7 Ra8 1-0

[Event "11th Vellmar Open 2019"]
[Site "Vellmar GER"]
[Date "2019.07.07"]
[Round "6.38"]
[White "Lehmann,Nils"]
[Black "Rouditser,Benjamin"]
[Result "0-1"]
[WhiteElo "1626"]
[BlackElo "1815"]
[WhiteFideId "12982610"]
[BlackFideId "12987069"]
[EventDate "2019.07.04"]

1. e4 c6 2. d4 d5 3. Nc3 dxe4 4. Nxe4 Nf6 5. Ng3 e6 6. c3 Bd6 7. Nf3 Nbd7 8. Bd3
O-O 9. O-O Qc7 10. Re1 e5 11. dxe5 Nxe5 12. Nxe5 Bxe5 13. Qc2 Be6 14. Bd2 h5 15.
Bg5 Ng4 16. Bf5 Bxf5 17. Qxf5 g6 18. Qf3 f6 19. Bd2 Rad8 20. Rad1 Nxh2 21. Kxh2
h4 22. Qg4 hxg3+ 23. fxg3 Kg7 24. Re3 Qb6 25. Bc1 f5 26. Qe2 f4 27. gxf4 Bxf4+
28. Kh3 Rxd1 29. Re7+ Kh6 30. Bxf4+ Rxf4 31. Qxd1 Qf2 32. g3 Rf3 33. Qc1+ g5 34.
Re6+ Kh5 35. Qe1 g4# 0-1

[Event "11th Vellmar Open 2019"]
[Site "Vellmar GER"]
[Date "2019.07.07"]
[Round "6.39"]
[White "Maas,Kolja"]
[Black "Wachsmann,Elmar"]
[Result "0-1"]
[WhiteElo "1571"]
[BlackElo "1784"]
[WhiteFideId "16220420"]
[BlackFideId "12973947"]
[EventDate "2019.07.04"]

1. e4 e5 2. Nf3 Nc6 3. Bb5 a6 4. Ba4 Nf6 5. O-O Be7 6. Nc3 b5 7. Bb3 d6 8. Ng5
O-O 9. d3 Nd4 10. Bxf7+ Rxf7 11. Nxf7 Kxf7 12. Ne2 Bg4 13. f3 Nxe2+ 14. Qxe2 Bc8
15. g4 Kg8 16. Be3 d5 17. exd5 Nxd5 18. Bf2 Bd6 19. Bg3 Nf4 20. Qe4 Rb8 21. Bxf4
Bb7 22. Qf5 exf4 23. Qe6+ Kf8 24. Qf5+ Kg8 25. Qe6+ Kh8 26. Rae1 Bc5+ 27. Kg2
Be3 28. Rxe3 fxe3 29. Qxe3 Qf6 30. c3 Rf8 31. Rf2 h6 32. Kg3 Qf7 33. b3 Re8 34.
Qf4 Qxf4+ 35. Kxf4 g5+ 36. Kf5 Kg7 0-1

[Event "11th Vellmar Open 2019"]
[Site "Vellmar GER"]
[Date "2019.07.07"]
[Round "6.40"]
[White "Blaschke,Henri Johannes"]
[Black "Muenk,Johannes"]
[Result "0-1"]
[WhiteElo "1846"]
[BlackElo "1685"]
[WhiteFideId "12995320"]
[BlackFideId "16241983"]
[EventDate "2019.07.04"]

1. d4 Nf6 2. c4 g6 3. Nf3 Bg7 4. g3 c6 5. Bg2 d5 6. cxd5 cxd5 7. Ne5 O-O 8. Nc3
e6 9. O-O Nfd7 10. Nf3 Nc6 11. Be3 Nb6 12. Qc1 Re8 13. Rd1 Bd7 14. Bh6 Bf6 15.
Bg5 Rc8 16. Qf4 Bxg5 17. Nxg5 f6 18. Nf3 Qe7 19. Qc1 Kg7 20. e3 a6 21. Qd2 Nc4
22. Qc1 Nd6 23. Nd2 Rc7 24. Nb3 b6 25. Qd2 Rec8 26. Rac1 Nc4 27. Qe2 Na7 28.
Bxd5 exd5 29. Nxd5 Qf7 30. Nxc7 Rxc7 31. Nd2 Bb5 32. Nxc4 Rxc4 33. Rxc4 Bxc4 34.
Qf3 Bxa2 35. e4 Nc6 36. Qc3 Bc4 37. d5 Ne5 38. f4 Be2 39. Rc1 Nd7 40. Kf2 Bb5
41. Qd4 Nc5 42. Kg2 Nb3 43. Qc3 Nxc1 44. Qxc1 Qe7 45. Qe3 Qd6 46. Qd4 Qc5 47.
Qd2 Qc4 48. Kf3 Qf1+ 49. Qf2 Qxf2+ 50. Kxf2 Kf7 51. Ke3 Ke7 52. Kd4 Bf1 53. h4
h6 54. g4 Be2 55. g5 hxg5 56. hxg5 fxg5 57. fxg5 Kd6 58. b4 a5 59. bxa5 bxa5 60.
e5+ Kd7 61. Kc5 a4 62. e6+ Ke7 63. Kd4 Kd6 64. Kc3 Kxd5 0-1

[Event "11th Vellmar Open 2019"]
[Site "Vellmar GER"]
[Date "2019.07.07"]
[Round "6.41"]
[White "Kotliarevski,Dennis"]
[Black "Thomas,Jeremy"]
[Result "0-1"]
[WhiteElo "1624"]
[BlackElo "1717"]
[WhiteFideId "12995371"]
[BlackFideId "16214641"]
[EventDate "2019.07.04"]

1. e4 c5 2. Nc3 d6 3. f4 g6 4. Bc4 e6 5. Nf3 Bg7 6. O-O Nf6 7. Qe1 Nc6 8. a3 O-O
9. d3 Nd4 10. Nxd4 cxd4 11. Nd1 d5 12. Ba2 a5 13. c3 dxe4 14. dxe4 dxc3 15. Nxc3
b5 16. e5 Ng4 17. h3 Nh6 18. Be3 b4 19. axb4 axb4 20. Ne4 Rxa2 21. Rxa2 Qd5 22.
Bc5 Qxa2 23. Qxb4 Rd8 24. Qb6 Qd5 25. Nc3 Qd7 26. Rd1 Qxd1+ 27. Nxd1 Rxd1+ 28.
Kf2 Bf8 29. Bd6 Nf5 30. Qd8 Nxd6 31. exd6 Ba6 32. Qa8 Rxd6 33. Kg3 Bc4 34. Kg4
Rd2 35. Kg5 Rxb2 36. Kf6 Bd5 37. Qe8 Rb7 38. g3 Re7 39. Qd8 Bc6 40. h4 Re8 41.
Qc7 Bg7+ 42. Kg5 Bf3 43. f5 exf5 44. Qd7 Rf8 45. Qe7 h6+ 46. Kf4 Bg4 47. Qa7 Re8
48. Qa8 Rxa8 49. h5 Re8 50. hxg6 Re4# 0-1

[Event "11th Vellmar Open 2019"]
[Site "Vellmar GER"]
[Date "2019.07.07"]
[Round "6.42"]
[White "Bieler,Janek"]
[Black "Daday,Csaba"]
[Result "1-0"]
[WhiteElo "1725"]
[BlackElo "1688"]
[WhiteFideId "16214633"]
[BlackFideId "1231995"]
[EventDate "2019.07.04"]

1. d4 Nf6 2. c4 e6 3. Nf3 b6 4. g3 Ba6 5. Qc2 c5 6. b3 Bb7 7. dxc5 Bxc5 8. Bg2
O-O 9. O-O Nc6 10. Bb2 Qe7 11. Nbd2 Rac8 12. Rac1 h6 13. e4 d6 14. h3 Rfd8 15.
Rfe1 Qf8 16. Qb1 Nh5 17. Nf1 d5 18. exd5 exd5 19. Ne5 dxc4 20. Nxc4 Ba8 21. Bf3
Nb4 22. Bxh5 Nd3 23. Nfe3 Bxe3 24. Rxe3 Nxc1 25. Bxc1 Qc5 26. Bg4 b5 27. Ba3 Qd5
28. Bf3 Qxf3 29. Rxf3 Bxf3 30. Ne3 Rc3 31. Qf5 Ba8 32. Bb2 Rcd3 33. Qg4 g6 34.
Bf6 h5 35. Qe2 Rd2 36. Qxb5 Rd1+ 37. Nf1 Rc8 38. Bb2 1-0

[Event "11th Vellmar Open 2019"]
[Site "Vellmar GER"]
[Date "2019.07.07"]
[Round "6.43"]
[White "Kuschel,Heidi"]
[Black "Ullmann,Ralf"]
[Result "1/2-1/2"]
[WhiteElo "1736"]
[BlackElo "1830"]
[WhiteFideId "12974587"]
[BlackFideId "1271401"]
[EventDate "2019.07.04"]

1. Nf3 d5 2. g3 Bg4 3. Bg2 Nf6 4. O-O e6 5. b3 Nbd7 6. Bb2 Bd6 7. d4 O-O 8. Nbd2
Rc8 9. c4 c6 10. c5 Bc7 11. b4 a6 12. Ne1 e5 13. f3 Bh5 14. e3 Re8 1/2-1/2

[Event "11th Vellmar Open 2019"]
[Site "Vellmar GER"]
[Date "2019.07.07"]
[Round "6.45"]
[White "Niedenthal,R"]
[Black "Ziegenfuss,Larissa"]
[Result "1-0"]
[WhiteElo "1682"]
[BlackElo "1756"]
[WhiteFideId "24627216"]
[BlackFideId "12974722"]
[EventDate "2019.07.04"]

1. c4 c5 2. Nc3 Nc6 3. Nf3 e5 4. d3 h6 5. g3 g6 6. Bg2 Bg7 7. O-O Nge7 8. Nd2 d6
9. Rb1 O-O 10. a3 Be6 11. e3 Qd7 12. b4 f5 13. Nd5 Bxd5 14. cxd5 Nd8 15. Nb3
cxb4 16. axb4 Qb5 17. e4 Rc8 18. Be3 Nf7 19. f4 Rc3 20. Nc1 Rfc8 21. Bd2 Rc2 22.
Rf2 exf4 23. Rxf4 Bd4+ 24. Kh1 Be5 25. Rf1 Bb2 26. h3 Bxc1 27. Bxc1 Ra2 28. Bb2
Ra4 29. Bf6 Re8 30. Qd2 Ra3 31. Rfd1 Qa4 32. Rdc1 Ra2 33. Rb2 Ra1 34. Rc2 Rxc1+
35. Rxc1 Qd7 36. d4 Kh7 37. e5 dxe5 38. dxe5 Nxe5 39. Bxe5 Nxd5 40. Rc7 1-0

[Event "11th Vellmar Open 2019"]
[Site "Vellmar GER"]
[Date "2019.07.07"]
[Round "6.46"]
[White "Koronowski,Heinz-Juergen"]
[Black "Warter,Simon"]
[Result "1/2-1/2"]
[WhiteElo "1758"]
[BlackElo "1565"]
[WhiteFideId "12943762"]
[BlackFideId "16223080"]
[EventDate "2019.07.04"]

1. e4 e5 2. Nf3 Nc6 3. d4 exd4 4. Nxd4 Nf6 5. Nxc6 bxc6 6. Bd3 d5 7. exd5 cxd5
8. O-O Be7 9. Bg5 O-O 10. Nc3 c6 11. h3 Be6 12. Ne2 a5 13. c3 c5 14. Qc2 h6 15.
Be3 Bd7 16. Qd2 Bc6 17. Ng3 Ne4 18. Nxe4 dxe4 19. Bc2 Qxd2 20. Bxd2 Bb5 21. Rfe1
f5 22. f3 Bh4 23. Rec1 exf3 24. gxf3 Be2 25. Bd1 Rae8 26. Bf4 Rf6 27. Rc2 Bd3
28. Rg2 Re1+ 29. Kh2 Rf1 30. Rc1 c4 31. b3 Re6 32. Bd2 Be1 33. bxc4 Bxc4 34. Bb3
Bxb3 35. axb3 Kf7 36. Bxe1 Rexe1 37. Rxe1 Rxe1 38. Ra2 Re3 39. Rxa5 Rxc3 40.
Rxf5+ Kg6 41. Rb5 1/2-1/2

[Event "11th Vellmar Open 2019"]
[Site "Vellmar GER"]
[Date "2019.07.07"]
[Round "7.1"]
[White "Dorst,J"]
[Black "Hahn,Markus"]
[Result "1/2-1/2"]
[WhiteTitle "FM"]
[WhiteElo "2234"]
[BlackElo "2290"]
[WhiteFideId "4650433"]
[BlackFideId "24654647"]
[EventDate "2019.07.04"]

1. e4 c5 2. Nf3 e6 3. d4 cxd4 4. Nxd4 a6 5. c4 Nf6 6. Nc3 Qc7 7. a3 d6 8. Be2 b6
9. Be3 Bb7 10. f3 Be7 11. O-O O-O 1/2-1/2

[Event "11th Vellmar Open 2019"]
[Site "Vellmar GER"]
[Date "2019.07.07"]
[Round "7.2"]
[White "Schulze,Lara"]
[Black "Keller,Pe GER"]
[Result "1-0"]
[WhiteTitle "WFM"]
[BlackTitle "FM"]
[WhiteElo "2253"]
[BlackElo "2279"]
[WhiteFideId "12956830"]
[BlackFideId "1272105"]
[EventDate "2019.07.04"]

1. e4 e5 2. Nf3 Nc6 3. Bc4 Bc5 4. c3 Nf6 5. d3 O-O 6. O-O d5 7. exd5 Nxd5 8. b4
Be7 9. h3 Bf6 10. a3 Bf5 11. Bb3 Nxc3 12. Nxc3 e4 13. dxe4 Bxc3 14. Qxd8 Nxd8
15. Ra2 Bxe4 16. Bf4 Ne6 17. Bxe6 fxe6 18. Bxc7 Bxf3 19. gxf3 Rxf3 20. Kg2 Rd3
21. Bg3 Rad8 22. Rc2 Bf6 23. a4 Kf7 24. Re1 R8d7 25. b5 R3d4 26. Ra1 Ke7 27.
Raa2 Rb4 28. Bc7 Rdd4 29. Bb8 Rxa4 30. Rc7+ Kd8 31. Rxa4 Rxa4 32. Rxb7 Kc8 33.
Rxa7 Rb4 34. Bg3 Rxb5 35. Kf3 Kd8 36. Ra6 Ke7 37. Ra7+ Ke8 38. Kg2 Bd4 39. Rc7
Kd8 40. Rf7 Ke8 41. Rc7 Rb2 42. h4 Rd2 43. h5 h6 44. Bh4 Re2 45. Rc8+ Kf7 46.
Rc7+ Kg8 47. Rc8+ Kh7 48. Rc7 Re4 49. Bg3 e5 50. Kf3 Re1 51. Re7 Kg8 52. Kg4 Kf8
53. Rc7 Rg1 54. Kf5 Rg2 55. Rc2 Ke7 56. Rc7+ Kf8 57. Rc2 Ke8 58. Ke6 Bb6 59.
Rc8+ Bd8 60. Bh4 g5 61. hxg6 Rxg6+ 62. Kxe5 Rg4 63. Rxd8+ Kf7 64. Bg3 h5 65. Kf5
Ra4 66. Rh8 1-0

[Event "11th Vellmar Open 2019"]
[Site "Vellmar GER"]
[Date "2019.07.07"]
[Round "7.3"]
[White "Bergauz,Avigdor"]
[Black "Schnepp,G"]
[Result "0-1"]
[BlackTitle "FM"]
[WhiteElo "2225"]
[BlackElo "2292"]
[WhiteFideId "12943770"]
[BlackFideId "1604503"]
[EventDate "2019.07.04"]

1. d4 Nf6 2. Nf3 g6 3. g3 Bg7 4. Bg2 O-O 5. O-O c5 6. c4 cxd4 7. Nxd4 d5 8. cxd5
Nxd5 9. Nc3 Nb6 10. Nb3 Nc6 11. Bg5 h6 12. Qxd8 Rxd8 13. Bxc6 hxg5 14. Bb5 a6
15. Bd3 Bf5 16. Nc5 Bxd3 17. Nxd3 Rac8 18. Rac1 Nc4 19. Rfd1 b5 20. b3 Ne3 21.
fxe3 Bxc3 22. Kf2 a5 23. g4 Kg7 24. h3 Rh8 25. Kg2 b4 26. Nf2 Rhd8 27. Ne4 f6
28. Rd3 Kf7 29. Kf2 Ke6 30. Nc5+ Ke5 31. Nd7+ Ke6 32. Rcd1 Rh8 33. Kg2 Rc6 34.
Rd5 Ra8 35. e4 Kf7 36. Nc5 Ra7 37. Na4 Be5 38. Rc5 Rxc5 39. Nxc5 Rc7 40. Rd5 e6
41. Rd7+ Rxd7 42. Nxd7 Bd4 43. Nb8 e5 44. e3 Bb6 45. Kg3 Ke6 46. h4 gxh4+ 47.
Kxh4 Bxe3 48. Nc6 Bf2+ 49. Kh3 Bb6 50. g5 fxg5 51. Kg4 Kd6 52. Nb8 Kc7 0-1

[Event "11th Vellmar Open 2019"]
[Site "Vellmar GER"]
[Date "2019.07.07"]
[Round "7.4"]
[White "Colbow,Collin"]
[Black "Kersten,U"]
[Result "1-0"]
[BlackTitle "FM"]
[WhiteElo "2167"]
[BlackElo "2248"]
[WhiteFideId "16201132"]
[BlackFideId "4615646"]
[EventDate "2019.07.04"]

1. e4 e6 2. d4 d5 3. Nd2 Nf6 4. e5 Nfd7 5. Bd3 c5 6. c3 b6 7. f4 Ba6 8. Bxa6
Nxa6 9. Ne2 Nc7 10. O-O g6 11. Nf3 h5 12. Be3 c4 13. Qe1 Be7 14. Qg3 Nf8 15. Qh3
Nh7 16. g3 b5 17. a3 a5 18. Rfb1 b4 19. axb4 axb4 20. Qf1 b3 21. Rxa8 Qxa8 22.
Ra1 Qc6 23. Ra5 Kd7 24. Qa1 Ra8 25. Rxa8 Qxa8 26. Qxa8 Nxa8 27. Bc1 Ke8 28. Kf2
Nf8 29. h3 Nd7 30. g4 hxg4 31. hxg4 Ndb6 32. Nd2 Na4 33. Nb1 Nc7 34. g5 Nb5 35.
Ke1 Bd8 36. Kd1 Ba5 37. Ke1 Kd7 38. Kd1 Nc7 39. Ke1 Ne8 40. Kf2 Ng7 41. Kf3 Nf5
42. Kf2 Bb6 43. Kf3 Bd8 44. Kf2 Be7 45. Kf3 Nb6 46. Kf2 Na8 47. Kf3 Nc7 48. Kf2
Nb5 49. Kf3 Bd8 50. Kf2 Bb6 51. Kf1 Kc6 52. Ke1 Bxd4 53. cxd4 Nfxd4 54. Nbc3
Nc2+ 55. Kd1 d4 56. Nxb5 Kxb5 57. Bd2 Kc5 58. Kc1 Kd5 59. Ng3 Ne3 60. Bxe3 dxe3
61. Ne2 Ke4 62. Kd1 Kf3 63. Ke1 Kg2 64. Nc3 Kg3 65. Ne2+ Kf3 66. Kf1 Ke4 67. Ke1
Kf3 68. Kf1 c3 69. Nxc3 Kxf4 70. Ke2 Kxe5 71. Kxe3 f6 72. gxf6 Kxf6 73. Ne4+ Ke5
74. Nc5 g5 75. Nxb3 g4 76. Nc1 Kf5 77. b4 e5 78. Kd3 e4+ 79. Kd4 g3 80. b5 Ke6
81. Kc5 g2 82. Ne2 Kd7 83. Kb6 1-0

[Event "11th Vellmar Open 2019"]
[Site "Vellmar GER"]
[Date "2019.07.07"]
[Round "7.5"]
[White "Ziegenfuss,Antonia"]
[Black "Meyner,H"]
[Result "1-0"]
[WhiteTitle "WFM"]
[WhiteElo "2063"]
[BlackElo "2213"]
[WhiteFideId "12962554"]
[BlackFideId "4664205"]
[EventDate "2019.07.04"]

1. d4 d5 2. c4 e6 3. Nc3 Bb4 4. cxd5 exd5 5. a3 Bxc3+ 6. bxc3 c5 7. e3 Nf6 8.
Bd3 O-O 9. Ne2 b6 10. O-O Ba6 11. f3 Bxd3 12. Qxd3 Re8 13. Ng3 Nc6 14. Ra2 Rc8
15. Rd2 h5 16. Rdd1 Rc7 17. Rfe1 Rd7 18. Re2 Re6 19. Bd2 Ne7 20. Be1 h4 21. Nh1
Ng6 22. Nf2 Qe7 23. Nh3 c4 24. Qc2 Rxe3 25. Rxe3 Qxe3+ 26. Bf2 Qe8 27. a4 Re7
28. Kf1 Qd7 29. Ra1 Ne8 30. Qd2 Qf5 31. Rc1 Nd6 32. Qg5 Qxg5 33. Nxg5 Nf5 34.
Nh3 Kf8 35. Rb1 Nd6 36. Ng1 Ke8 37. Ne2 Kd7 38. a5 b5 39. Nc1 h3 40. g3 Re8 41.
Na2 Ne7 42. Nb4 Nb7 43. a6 Nd8 44. g4 Ndc6 45. Nc2 Rb8 46. Be1 Na5 47. Nb4 Nb3
48. Rb2 Rb6 49. Bh4 f6 50. f4 Re6 51. Kf2 Re4 52. Kf3 Re6 53. f5 Rb6 54. Re2 Rb8
55. Rxe7+ Kxe7 56. Nc6+ Kd7 57. Nxb8+ Kc7 58. Bg3+ Kb6 59. Bf4 b4 60. cxb4 Nxd4+
61. Ke3 Nc2+ 62. Kd2 Nxb4 63. Nd7+ Kc6 64. Nxf6 gxf6 65. g5 fxg5 66. f6 Kd7 67.
f7 Ke7 68. Bd6+ Kxf7 69. Bxb4 g4 70. Bd6 Ke6 71. Bb8 g3 72. Bxg3 Kd7 73. Kc3 Kc6
74. Bf2 Kb5 75. Bxa7 Kxa6 76. Be3 Kb5 77. Kd4 Kb4 78. Kxd5 c3 79. Kd4 Kb3 80.
Kd3 c2 81. Bc1 1-0

[Event "11th Vellmar Open 2019"]
[Site "Vellmar GER"]
[Date "2019.07.07"]
[Round "7.6"]
[White "Henrich,T"]
[Black "Frohberg,M"]
[Result "1/2-1/2"]
[WhiteTitle "FM"]
[WhiteElo "2139"]
[BlackElo "2227"]
[WhiteFideId "4640993"]
[BlackFideId "4639308"]
[EventDate "2019.07.04"]

1. e4 c6 2. Nc3 d5 3. Nf3 Bg4 4. h3 Bxf3 5. Qxf3 e6 6. d3 Nf6 7. Bd2 Bd6 8. g4
h6 9. h4 g6 10. O-O-O Nbd7 11. Bh3 h5 12. g5 Ng8 13. exd5 cxd5 14. Rde1 Ne7 15.
Bxe6 fxe6 16. Rxe6 Nf8 17. Re2 Qd7 18. Nxd5 O-O-O 19. Nxe7+ Bxe7 20. Qe3 Bd6 21.
Qxa7 Ne6 22. Re4 Nc7 23. Rc4 Qb5 24. a4 Qd5 25. Re1 Rhe8 26. Be3 Re6 27. Rd1 Be5
28. Bb6 Kd7 29. f4 Ra8 30. Rxc7+ Bxc7 31. Qxa8 Rxb6 32. Qf8 Qd4 33. Qf7+ Kd8 34.
Qf8+ Kd7 35. Qf7+ Kd8 36. Qf8+ 1/2-1/2